|
|
|
|
| LEADER |
00000nas a2200000 a 4500 |
| 001 |
ssj0038214 |
| 003 |
WaSeSS |
| 005 |
20200512172242.0 |
| 006 |
m d |
| 007 |
cr n |
| 008 |
050126c20059999txubr p s 0 a0eng c |
| 010 |
|
|
|a 2005213250
|
| 016 |
7 |
|
|a 015788477
|2 Uk
|
| 022 |
|
|
|a 1554-3528
|l 1554-351X
|y 1554-351X
|
| 035 |
|
|
|a (WaSeSS)ssj0038214
|
| 037 |
|
|
|b Psychonomic Society, Inc., 1710 Fortview Rd., Austin, TX 78704
|
| 040 |
|
|
|a NSD
|b eng
|e pn
|c NSD
|d SBH
|d NSD
|d DLC
|d MUQ
|d IUL
|d LGG
|d OCLCQ
|d TXA
|d OCLCE
|d FJM
|d OCL
|d OCLCQ
|d DLC
|d UKMGB
|d OCLCF
|d OCLCQ
|d VT2
|d OCLCA
|d OCLCO
|d OCLCA
|d BUF
|d U3W
|d DLC
|d OCLCO
|d AU@
|d OCLCO
|d WYU
|d OCLCA
|d DCHUA
|d AUD
|d TKN
|d OCLCO
|d OCLCA
|d CEF
|d OCLCO
|d OCLCA
|d WaSeSS
|
| 042 |
|
|
|a pcc
|a nsdp
|a dlr
|
| 050 |
0 |
0 |
|a BF180
|
| 060 |
0 |
0 |
|a W1
|b BE126H
|
| 082 |
1 |
0 |
|a 150
|2 13
|
| 130 |
0 |
|
|a Behavior research methods (Online)
|
| 210 |
0 |
|
|a Behav. res. meth.
|b (Online)
|
| 222 |
|
0 |
|a Behavior research methods
|b (Online)
|
| 245 |
1 |
0 |
|a Behavior research methods
|h [electronic resource] /
|c Psychonomic Society.
|
| 246 |
3 |
|
|a BRM
|
| 260 |
|
|
|a Austin, TX :
|b Psychonomic Society,
|c 2005-
|
| 310 |
|
|
|a Bimonthly,
|b 2017-
|
| 321 |
|
|
|a Quarterly,
|b 2005-2016
|
| 362 |
1 |
|
|a Began with: Vol. 37, issue 1 (Feb. 2005).
|
| 506 |
|
|
|a License restrictions may limit access.
|
| 538 |
|
|
|a Master and use copy. Digital master created according to Benchmark for Faithful Digital Reproductions of Monographs and Serials, Version 1. Digital Library Federation, December 2002.
|u http://purl.oclc.org/DLF/benchrepro0212
|5 MiAaHDL
|
| 538 |
|
|
|a Mode of access: World Wide Web.
|
| 583 |
1 |
|
|a digitized
|c 2010
|h HathiTrust Digital Library
|l committed to preserve
|5 MiAaHDL
|2 pda
|
| 588 |
|
|
|a Description based on: Vol. 37, issue 1 (Feb. 2005); title from PDF article caption (BRM site, viewed Sept. 28, 2010).
|
| 588 |
|
|
|a Latest issue consulted: Vol. 50, issue 2 (Apr. 2018) (Springer Link website, viewed May 9, 2018).
|
| 650 |
|
0 |
|a Psychology, Experimental
|x Methodology
|v Periodicals.
|
| 650 |
|
6 |
|a Psychologie expérimentale
|x Méthodologie
|v Périodiques.
|
| 650 |
|
6 |
|a Psychologie
|x Appareils
|v Périodiques.
|
| 650 |
|
6 |
|a Systèmes d'information
|x Psychologie expérimentale
|v Périodiques.
|
| 650 |
|
7 |
|a Psychology, Experimental
|x Methodology.
|2 fast
|0 (OCoLC)fst01081588
|
| 650 |
1 |
7 |
|a Psychologie.
|2 gtt
|
| 650 |
1 |
7 |
|a Onderzoeksmethoden.
|2 gtt
|
| 650 |
1 |
2 |
|a Behavioral Research
|x methods.
|
| 650 |
2 |
2 |
|a Research Design.
|
| 650 |
1 |
2 |
|a Behavioral Research
|x methods
|v Periodicals.
|
| 650 |
2 |
2 |
|a Psychology, Experimental
|x methods
|v Periodicals.
|
| 650 |
2 |
2 |
|a Research Design
|v Periodicals.
|
| 650 |
2 |
2 |
|a Psychology, Experimental
|x methods.
|
| 650 |
1 |
2 |
|a Behavioral Research
|x method.
|
| 650 |
2 |
2 |
|a Research Desig.
|
| 655 |
|
0 |
|a Electronic journals.
|
| 710 |
2 |
|
|a Psychonomic Society.
|
| 776 |
0 |
8 |
|i Print version:
|t Behavior research methods
|x 1554-351X
|w (DLC) 2005213249
|w (OCoLC)57493271
|
| 780 |
0 |
0 |
|t Behavior research methods, instruments & computers (Online)
|x 1532-5970
|w (DLC) 00215939
|w (OCoLC)45405277
|
| 850 |
|
|
|a DLC
|
| 856 |
4 |
0 |
|z Full text available from Research Library: 02/01/2005 to 11/30/2010
|u https://search.proquest.com/publication/28877
|
| 856 |
4 |
0 |
|z Full text available from Research Library: 03/01/2011 to 06/30/2014
|u https://search.proquest.com/publication/976348
|